000 00225nam a22000857a 4500
008 170329b xxu||||| |||| 00| 0 eng d
100 _93056
_aCBSE
245 _aSample Paper Communicative English-10
260 _aNew Delhi
_bCBSE
_c2010
999 _c6324
_d6324